000 01102 a2200229 4500
001 35065
005 20260407155635.0
008 260407a1964 arg spa d
003 AR-UNSa-BCEJYS
040 _aAR-UNSa-BCEJYS
_bspa
_cAR-UNSa-BCEJYS
080 _a658.012.32
_xFormas de organización, de gestión
245 1 0 _aFundamentos de organización de empresas
264 1 _aBarcelona :
_bLabor
_c1964
300 _a588 p.
_c22 cm.
505 _aParte I: Introducción - Parte II: Formas y estructuras de la empresa mercantil - Parte III: Promoción y funcionamiento de una empresa - Parte IV: Aspectos financieros de la empresa moderna - Parte V: Contabilidad - Parte VI: La función de fabricación - Parte VII: La función de distribución - Parte VIII: Relaciones Laborales - Parte IX: Consideraciones diversas.
942 _cBK
590 _aniveau_biblio:m niveau_hierar:0
100 1 _aSerra Murtra, Jorge
700 1 _aCoulter Davies, Ernest
700 1 _aSpriegel, William R.
856 4 1 _uhttps://170.210.207.44/pmb/images/libros/fundOrgDeEmpresas.jpg
_yImagen de portada
_qimage/jpeg
999 _c2538
_d2538